000 01079nam a22002897a 4500
001 03745
003 HDC
007 cr bn ---aaaaa
008 210111t2000 flu||||| |||| 00| 0 eng
020 _a1-56670-222-4
040 _aHDC
100 _aRitter, William F.
_eauthor
_93408
245 0 _aAgricultural nonpoint source pollution : watershed management and hydrology. Chapter 6 :
_bNonpoint Source Pollution and Livestock Manure Management / by
_cWilliam F. Ritter
260 _a Boca Raton, Florida:
_bCRC Press,
_c2000
300 _a33 pages
336 _atext
_2rdacontent
337 _acomputer
_2rdamedia
338 _aonline resource
_2rdacarrier
650 _aLivestock Manure
_93500
650 _aNonpoint Source Pollution
_93499
650 _aTechnology & Engineering
_93409
700 _aShirmohammadi, Adel
_eauthor
_93412
856 _zRequest full-text at [email protected]
942 _2lcc
942 _cCHAP
942 _kEBCH 001679
999 _c1081
_d1081